Music Quiz

Random Music Quiz

Alt-J: An Awsome Wave Song Quiz Stats

 Plays Quiz not verified by Sporcle

Score 0/13 Timer 03:00
0 Plays Today
First Letter Song Name % Correct
BBreezeblocks
96.8%
MMatilda
88.8%
FFitzpleasure
88.5%
TTaro
87.9%
TTesselate
87.1%
IIntro
85%
SSomething Good
78.3%
IInterlude 1
77.7%
IInterlude 2
77.2%
MMS
76.6%
BBloodflood
75.1%
IInterlude 3
74.8%
DDissolve Me
73.7%

You're not logged in!

Compare scores with friends on all Sporcle quizzes.
OR
Log In

You Might Also Like...

Show Comments

Extras

Top Quizzes Today


Score Distribution

Your Account Isn't Verified!

In order to create a playlist on Sporcle, you need to verify the email address you used during registration. Go to your Sporcle Settings to finish the process.

Report this User

Report this user for behavior that violates our Community Guidelines.

Details: